Normal view
MARC view
- Akbar S. Ahmed
Entry Personal Name
001 - CONTROL NUMBER
- control field: 68193
003 - CONTROL NUMBER IDENTIFIER
- control field: NUST
005 - DATE AND TIME OF LATEST TRANSACTION
- control field: 20210628204010.0
008 - FIXED-LENGTH DATA ELEMENTS
- fixed length control field: 210628|| aca||aabn | a|a d
040 ## - CATALOGING SOURCE
- Original cataloging agency: NUST
- Transcribing agency: NUST
100 ## - HEADING--PERSONAL NAME
- Personal name: Akbar S. Ahmed
670 ## - SOURCE DATA FOUND
- Source citation: Work cat.: (NUST): Akbar S. Ahmed, Islam today , a short introduction to the muslim world, 2001
